LIBRARY & INFORMATION CENTRE, KCAET, TAVANUR

ONLINE PUBLIC ACCESS CATALOGUE (OPAC)

Hindi-Hindi-Malayalam Dictionary / (Record no. 9004)

MARC details
000 -LEADER
fixed length control field 00310cam a2200121ua 4500
082 ## - DEWEY DECIMAL CLASSIFICATION NUMBER
Classification number 028.73491
Item number KOS/HI
100 ## - MAIN ENTRY--AUTHOR NAME
Personal name Koshy , John P .
245 00 - TITLE STATEMENT
Title Hindi-Hindi-Malayalam Dictionary /
250 ## - EDITION STATEMENT
Edition statement 1 /
260 ## - PUBLICATION, DISTRIBUTION, ETC. (IMPRINT)
Place of publication Kottayam :
Name of publisher Vidyarthi Mithram Book Depo ,
Year of publication 1963.
300 ## - PHYSICAL DESCRIPTION
Number of Pages 380 ; .
942 ## - ADDED ENTRY ELEMENTS (KOHA)
Koha item type Books
Holdings
Withdrawn status Lost status Damaged status Home library Current library Date acquired Full call number Accession Number Koha item type
      KAUAET KAUAET 07/04/2012 028.73491 10241 Reference
free website counter